Convenio constitutivo de la Organización Latinoamericana de Energía

Guardado en:
Bibliografiske detaljer
Institution som forfatter: Organización Latinoamericana de Energía
Format: Texto
Udgivet: Lima: OLADE
Tags: Tilføj Tag
Ingen Tags, Vær først til at tagge denne postø!

MARC

LEADER 00000 a a2200000 04500
001 22640
003
040 |a CRAI/IIS  |c CRAI/IIS 
090 |a 155100  
110 |a Organización Latinoamericana de Energía  
245 |a Convenio constitutivo de la Organización Latinoamericana de Energía  
260 |a Lima:   |b OLADE  
300 |a s. p.  
999 |c 12231  |d 12231